000 nam a22 7a 4500
999 _c10266
_d10266
008 180213b ||||| |||| 00| 0 eng d
100 _aRohaan Book
_95842
245 _aFamous Stories of Bogemon
260 _aNew Delhi
_bRohaan Books
_c2004